| 000 | 00527nam a2200217Ia 4500 | ||
|---|---|---|---|
| 003 | OSt | ||
| 005 | 20260425123605.0 | ||
| 008 | 210210b1986 xxu||||| |||| 00| 0 eng d | ||
| 040 | _cAL | ||
| 041 | _aEnglish | ||
| 082 | _a574.87328 STEM | ||
| 100 |
_aSTENT (Gunther S) and CALENDAR (Richard). _9262776 |
||
| 245 | _aMolecular genetics | ||
| 250 | _a2 | ||
| 260 |
_aDelhi _bC B S _c1986 |
||
| 300 | _a773 | ||
| 650 |
_aMolecular Genetics _9262777 |
||
| 690 |
_aCell Biology _9262778 |
||
| 906 | _a041505 | ||
| 942 |
_2ddc _cBK |
||
| 999 |
_c91575 _d91575 |
||